• 首页
  • 本馆介绍
  • 公告通知
  • 最新文献
  • 馆藏检索
  • 电子资源
  • 读者导购
  • 参考咨询
  • 我的图书馆
  • 登录
  • 详细信息显示
  • 放入我的书架
  • 预约/预借图书
  • 作者相关作品
  • 分类相关作品
  • 丛书相关作品
  • 出版社相关作品

书目信息

  • 表格格式
  • 工作单格式
  • 卡片格式
题名:
无机及分析化学实验
    
 
作者: 商少明 主编
分册:  
出版信息: 北京   化学工业出版社  2014
页数: 207页
开本: 26cm
丛书名:
单 册:
中图分类: O61-33 , O652.1
科图分类:
主题词: 无机化学--wu ji hua xue--化学实验--高等教育--教材 , 分析化学--fen xi hua xue--化学实验--高等教育--教材
电子资源:
ISBN: 978-7-122-21312-9
000 01115nam0 2200289 450
001 012001000228
005 20191108081556.03
010    @a978-7-122-21312-9@dCNY28.00
099    @aCAL 012014131630
100    @a20140916d2014 em y0chiy50 ea
101 0  @achi
102    @aCN@b110000
105    @aak z 000yy
106    @ar
200 1  @a无机及分析化学实验@Awu ji ji fen xi hua xue shi yan@f商少明主编
205    @a第2版
210    @a北京@c化学工业出版社@d2014
215    @a207页@c图@d26cm
300    @a普通高等教育“十二五”规划教材
330    @a本书内容分为两部分。一是实验的基本知识与基本操作,包含了器皿的洗涤与干燥、物质的称量与天平、试剂及其取用、溶液的配制与物质的定量转移等;二是实验部分,包含无机物的提纯、制备、性质及反应原理,有关常数的测定,物质的分离与分析,综合实验和设计实验四部分。
606 0  @a无机化学@Awu ji hua xue@x化学实验@x高等教育@j教材
606 0  @a分析化学@Afen xi hua xue@x化学实验@x高等教育@j教材
690    @aO61-33@v5
690    @aO652.1@v5
701  0 @a商少明@Ashang shao ming@4主编
801  0 @aCN@b北京卓展文化@c20191020
905    @b1195721-4@dO61-33@e208=2@f4
    
    无机及分析化学实验/商少明主编.-第2版.-北京:化学工业出版社,2014
    207页:图;26cm
    普通高等教育“十二五”规划教材
    
    ISBN 978-7-122-21312-9:CNY28.00
    本书内容分为两部分。一是实验的基本知识与基本操作,包含了器皿的洗涤与干燥、物质的称量与天平、试剂及其取用、溶液的配制与物质的定量转移等;二是实验部分,包含无机物的提纯、制备、性质及反应原理,有关常数的测定,物质的分离与分析,综合实验和设计实验四部分。
●
相关链接 在E读中查询图书 在五车中查询图书 在当当中查询图书 在豆瓣中查询图书


正题名:无机及分析化学实验     索取号:O61-33/208=2         预约/预借

序号 登录号 条形码 馆藏地/架位号 状态 备注
1 1195721   211957211   第二样本阅览室/ [索取号:O61-33/208=2] 在馆    
2 1195722   211957220   第三借阅区/ [索取号:O61-33/208=2] 在馆    
3 1195723   211957239   第三借阅区/ [索取号:O61-33/208=2] 在馆    
4 1195724   211957248   第三借阅区/ [索取号:O61-33/208=2] 在馆    
唐山师范学院图书馆 欢迎您!
大连网信软件有限公司© 版权所有